A sermon preach'd on the 25th of December, being the nativity of our Saviour /

Bibliographic Details
Main Author: Scougal, Henry, 1650-1678
Format: eBook
Language:English
Published: Boston, N.E. : [publisher not identified], Re-printed in the year 1737.
Series:Early American imprints. Evans (1639-1800) ; no. 4195.
Subjects:
Online Access:Evans Digital Edition

MARC

Tag First Indicator Second Indicator Subfields
LEADER 00000cam a2200000 a 4500
001 in00002155321
006 m e d #
007 cr mn mmmmabba
008 821001r1737 mau s 000 0 eng d
005 20260331161428.7
035 |z t084864 
035 |z w007242 
035 |a MAAR8210013607B 
035 |9 mwa91-13241 
035 |a 328120 
035 |a aas03007242 
040 |a MWA  |c MWA  |e bdrb  |d UtOrBLW 
100 1 |a Scougal, Henry,  |d 1650-1678. 
245 1 2 |a A sermon preach'd on the 25th of December, being the nativity of our Saviour /  |c By the author of The life of God in the soul of man. 
264 1 |a Boston, N.E. :  |b [publisher not identified],  |c Re-printed in the year 1737. 
300 |a 4 unnumbered pages, 28 pages ;  |c 15 cm. (octavo) 
336 |a text  |b txt  |2 rdacontent 
337 |a computer  |b c  |2 rdamedia 
338 |a online resource  |b cr  |2 rdacarrier 
500 |a Half-title: Dr. Scougal's sermon on the nativity. 
510 4 |a Evans  |c 4195 
530 |a Microform version available in the Readex Early American Imprints series. 
533 |a Electronic text and image data.  |b [Chester, Vt. :  |c Readex, a division of Newsbank, Inc.,  |d 2002-2004.  |e Includes files in TIFF, GIF and PDF formats with inclusion of keyword searchable text.  |f (Early American imprints. First series ; no. 4195). 
500 |a Electronic resource. 
600 0 0 |a Jesus Christ  |x Nativity. 
655 7 |a Christmas sermons.  |2 rbgenr 
752 |a United States  |b Massachusetts  |d Boston. 
830 0 |a Early American imprints.  |n Series I,  |p Evans (1639-1800) ;  |v no. 4195. 
856 4 1 |u http://proxy.library.tamu.edu/login?url=https://opac.newsbank.com/select/evans/4195  |y Evans Digital Edition  |t 0 
999 |a MARS 
999 f f |s a31ee5c2-d519-3e62-9c1b-b2b2912b977f  |i d277bfb2-8cc2-369f-b50b-147ae6fbc7aa  |t 0 
952 f f |a Texas A&M University  |b College Station  |c Electronic Resources  |s www_evans  |d Available Online  |t 0  |h No information provided 
998 f f |t 0  |l Available Online